00370 a2200097 4500001000900000005001700009008004100026245013500067100002700202773004300229ART_625620260410161619.0260409a 10aLa actuación del contador publico como asesor contable de cooperativas. Aspectos más salientes de la Resolución Técnica 241 aRodríguez, Raquel E.0 tEnfoquesg- Nº 10 (oct. 2008)wREV416